000 02673cam a22005177i 4500
001 data
005 20260322212121.0
008 data
035 _a21951882
906 _a7
_bcbc
_ccopycat
_d3
_encip
_f20
_gy-gencatlg
925 0 _aacquire
_b1 shelf copy
_xpolicy default
010 _a 2020478396
015 _aGBB9F9027
_2bnb
016 7 _a019546104
_2Uk
020 _a9781780601144
_qhardcover
020 _a178060114X
_qhardcover
035 _a(OCoLC)1099832737
040 _aYDX
_beng
_cYDX
_erda
_dDLC
_dOCLCO
_dOCLCF
_dOCLCQ
_dATXAS
_dBDX
_dNZMAP
_dOCLCO
_dYDX
_dOCL
_dDLC
041 0 _aeng
_hfre
042 _alccopycat
050 0 0 _aG490
_b.B68 2019
082 0 4 _a910.4092
_223
100 1 _aBouvier, Nicolas,
_eauthor.
245 1 0 _aSo it goes :
_btravels in the Aran Isles, Xian and places in between /
_cNicolas Bouvier ; translated by Robyn Marsack.
264 1 _aLondon, England :
_bEland,
_c2019.
264 4 _c©2019
300 _a182 pages :
_bmaps ;
_c23 cm
336 _atext
_btxt
_2rdacontent
336 _acartographic image
_bcri
_2rdacontent
337 _aunmediated
_bn
_2rdamedia
338 _avolume
_bnc
_2rdacarrier
500 _a"First published in French under the titles Journal d'Aran et d'autres lieux, Voyage dans les Lowlands and Thesaurus Pauperus ou la guerre à huit ans"--Title page verso.
505 0 _aAran journal -- Scotland: travels in the Lowlands -- In the mists of the Whisky Isle -- Xian -- The roads to Halla-San or The old shit-track again -- An eight-year-old's war -- About the author.
520 _aA collection of Bouvier's best travel stories, covering: the Aran Isles, lowland Scotland, Islay, Xian in China, Korea and Bouvier's childhood What makes Nicolas Bouvier such a well-loved travel writer is his exquisite sensitivity to the beauties of life, and his ability to capture those elusive moments in a style that is light, yet pregnant with wonder. Whether he's delirious in the wintery Aran Isles, where the air 'unites the virtues of champagne, cocaine, caffeine, and the ecstasy of love' or singing the praises of his Chinese tour guide, this collection of his shorter travel pieces brims with his particular joie de vivre.
546 _aTranslated from the French.
600 1 0 _aBouvier, Nicholas
_xTravel.
650 0 _aTravel.
650 7 _aTravel.
_2fast
_0(OCoLC)fst01155558
655 7 _aTravel writing.
_2fast
_0(OCoLC)fst01919983
655 7 _aTravel writing.
_2lcgft
700 1 _aMarsack, Robyn,
_etranslator.
923 _d03-09-21
_nI-200012899
_sUk-RwCLS
985 _eVENDOR LOAD
999 _c1848
_d1848